MARC

LEADER 00000nam0a2200000 4500
001 132267
005 20231031134801.0
035 |a (RuTPU)RU\TPU\book\143214 
090 |a 132267 
100 |a 20080228d1987 k y0rusy50 ca 
101 0 |a rus 
102 |a RU 
105 |a a z 001zy 
200 1 |a Автоколебательные процессы при воздействии концентрированных потоков энергии  |f А. А. Углов, С. В. Селищев  |g Академия наук СССР (АН СССР), Институт металлургии им. А. А. Байкова (ИМЕТ); под ред. Н. Н. Рыкалина; С. И. Анисимова 
210 |a Москва  |c Наука  |d 1987 
215 |a 149 с.  |c ил. 
225 1 |a Наука и технический прогресс 
320 |a Библиогр.: с. 143-148. 
610 1 |a автоколебательные процессы 
610 1 |a энергия 
610 1 |a потоки 
610 1 |a модели 
610 1 |a температурные поля 
610 1 |a неустойчивость 
675 |a 621.7/9.048.7  |v 3 
700 1 |a Углов  |b А. А.  |g Александр Алексеевич 
701 1 |a Селищев  |b С. В.  |g Сергей Васильевич 
702 1 |a Рыкалин  |b Н. Н.  |4 340 
702 1 |a Анисимов  |b С. И.  |4 340 
712 0 2 |a Академия наук СССР (АН СССР)  |b Институт металлургии им. А. А. Байкова (ИМЕТ)  |c (Москва)  |2 stltpush  |3 (RuTPU)RU\TPU\col\312 
801 1 |a RU  |b 63413507  |c 20080228  |g PSBO 
801 2 |a RU  |b 63413507  |c 20090219  |g PSBO 
942 |c BK